|
|
|
|
| LEADER |
00924nam a2200241 i 4500 |
| 001 |
c000243716 |
| 003 |
CARM |
| 005 |
00000000000000.0 |
| 008 |
840308s1969 nyu b 001 0 eng d |
| 019 |
1 |
|
|a 36705
|5 LACONCORD2021
|
| 020 |
|
|
|a 0801404851
|
| 035 |
|
|
|a (OCoLC)23451
|5 LACONCORD2021
|
| 082 |
0 |
4 |
|a 275.99
|
| 245 |
0 |
0 |
|a Studies in Philippine church history /
|c Edited by Gerald H. Anderson.
|
| 260 |
|
|
|a Ithaca [N.Y.] :
|b Cornell University Press,
|c [1969].
|
| 300 |
|
|
|a 421p.
|
| 504 |
|
|
|a B̀ibliographical survey of Philippine church history': p.389-412.
|
| 650 |
|
0 |
|a Missions
|z Philippines
|x History.
|
| 651 |
|
0 |
|a Philippines
|x Church history.
|
| 700 |
1 |
|
|a Anderson, Gerald H.
|
| 852 |
8 |
|
|b CARM
|h A2:AQ09A0
|i B06822
|p 0328715
|f BK
|
| 999 |
f |
f |
|i be0470f0-d35e-5de4-a444-4c195bd37726
|s 1984eb91-3ba9-5313-a859-c2c7dc5d2422
|
| 952 |
f |
f |
|p Can circulate
|a CAVAL
|b CAVAL
|c CAVAL
|d CARM 1 Store
|e B06822
|f A2:AQ09A0
|h Other scheme
|i book
|m 0328715
|